Operations Research and Health Care A Handbook of Methods and Applications /

In both rich and poor nations, public resources for health care are inadequate to meet demand. Policy makers and health care providers must determine how to provide the most effective health care to citizens using the limited resources that are available. This chapter describes current and future ch...

Πλήρης περιγραφή

Λεπτομέρειες βιβλιογραφικής εγγραφής
Συγγραφή απο Οργανισμό/Αρχή: SpringerLink (Online service)
Άλλοι συγγραφείς: Brandeau, Margaret L. (Επιμελητής έκδοσης), Sainfort, François (Επιμελητής έκδοσης), Pierskalla, William P. (Επιμελητής έκδοσης)
Μορφή: Ηλεκτρονική πηγή Ηλ. βιβλίο
Γλώσσα:English
Έκδοση: Boston, MA : Springer US, 2004.
Σειρά:International Series in Operations Research & Management Science, 70
Θέματα:
Διαθέσιμο Online:Full Text via HEAL-Link
LEADER 05301nam a22005895i 4500
001 978-1-4020-8066-1
003 DE-He213
005 20151204142429.0
007 cr nn 008mamaa
008 100301s2004 xxu| s |||| 0|eng d
020 |a 9781402080661  |9 978-1-4020-8066-1 
024 7 |a 10.1007/b106574  |2 doi 
040 |d GrThAP 
050 4 |a R1 
072 7 |a MB  |2 bicssc 
072 7 |a MED000000  |2 bisacsh 
082 0 4 |a 610  |2 23 
245 1 0 |a Operations Research and Health Care  |h [electronic resource] :  |b A Handbook of Methods and Applications /  |c edited by Margaret L. Brandeau, François Sainfort, William P. Pierskalla. 
264 1 |a Boston, MA :  |b Springer US,  |c 2004. 
300 |a VIII, 874 p.  |b online resource. 
336 |a text  |b txt  |2 rdacontent 
337 |a computer  |b c  |2 rdamedia 
338 |a online resource  |b cr  |2 rdacarrier 
347 |a text file  |b PDF  |2 rda 
490 1 |a International Series in Operations Research & Management Science,  |x 0884-8289 ;  |v 70 
505 0 |a Health Care Delivery: Current Problems and Future Challenges -- Health Care Operations Management -- Capacity Planning and Management in Hospitals -- Location of Health Care Facilities -- Ambulance Service Planning: Simulation and Data Visualisation -- Supply Chain Management of Blood Banks -- Evaluating the Efficiency of Hospitals’ Perioperative Services Using Dea -- Benchmarking Using DEA: The Case of Mental Health Organizations -- Using Simulation in an Acute-care Hospital: Easier Said Than Done -- Public Policy and Economic Analysis -- Estimating Risks to the Public Health -- Modeling Health Outcomes for Economic Analysis -- Duct Tape for Decision Makers: The Use of or Models in Pharmacoeconomics -- Drug Policy: Insights from Mathematical Analysis -- Modeling The Costs and Effects of Maintenance Treatment for Opiate Addiction -- Harm Reduction in The Control of Infectious Diseases Among Injection Drug Users -- The Cost Effectiveness of Partially Effective HIV Vaccines -- Designing Pediatric Formularies for Childhood Immunization Using Integer Programming Models -- Allocating Resources to Control Infectious Diseases -- Microbial Risk Assessment for Drinking Water -- Screening for Diabetic Retinopathy -- Decision Making for Bioterror Preparedness: Examples from Smallpox Vaccination Policy -- Models for Kidney Allocation -- Planning in the Face of Politics: Reshaping Children’s Health Services in Inner London -- Clinical Applications -- Modeling Medical Treatment Using Markov Decision Processes -- Dynamic Influence Diagrams: Applications to Medical Decision Modeling -- Assessment of the Benefits of Anesthesia Patient Risk Reduction Measures -- An Asthma Policy Model -- A Bayesian Network to Assist Mammography Interpretation -- Optimization and Decision Support in Brachytherapy Treatment Planning -- Radiotherapy Treatment Design and Linear Programming -- Optimization Tools for Radiation Treatment Planning in Matlab -- Transmission Model Analysis of Nontypeable Haemophilus Influenzae -- The Impact of Novel Treatments on A? Burden in Alzheimer’s Disease: Insights from A Mathematical Model. 
520 |a In both rich and poor nations, public resources for health care are inadequate to meet demand. Policy makers and health care providers must determine how to provide the most effective health care to citizens using the limited resources that are available. This chapter describes current and future challenges in the delivery of health care, and outlines the role that operations research (OR) models can play in helping to solve those problems. The chapter concludes with an overview of this book – its intended audience, the areas covered, and a description of the subsequent chapters. KEY WORDS Health care delivery, Health care planning HEALTH CARE DELIVERY: PROBLEMS AND CHALLENGES 3 1.1 WORLDWIDE HEALTH: THE PAST 50 YEARS Human health has improved significantly in the last 50 years. In 1950, global life expectancy was 46 years [1]. That figure rose to 61 years by 1980 and to 67 years by 1998 [2]. Much of these gains occurred in low- and middle-income countries, and were due in large part to improved nutrition and sanitation, medical innovations, and improvements in public health infrastructure. 
650 0 |a Medicine. 
650 0 |a Production management. 
650 0 |a Operations research. 
650 0 |a Decision making. 
650 0 |a General practice (Medicine). 
650 0 |a Public health. 
650 0 |a Public finance. 
650 1 4 |a Medicine & Public Health. 
650 2 4 |a Medicine/Public Health, general. 
650 2 4 |a Operation Research/Decision Theory. 
650 2 4 |a General Practice / Family Medicine. 
650 2 4 |a Operations Management. 
650 2 4 |a Public Economics. 
650 2 4 |a Public Health. 
700 1 |a Brandeau, Margaret L.  |e editor. 
700 1 |a Sainfort, François.  |e editor. 
700 1 |a Pierskalla, William P.  |e editor. 
710 2 |a SpringerLink (Online service) 
773 0 |t Springer eBooks 
776 0 8 |i Printed edition:  |z 9781402076299 
830 0 |a International Series in Operations Research & Management Science,  |x 0884-8289 ;  |v 70 
856 4 0 |u http://dx.doi.org/10.1007/b106574  |z Full Text via HEAL-Link 
912 |a ZDB-2-SME 
912 |a ZDB-2-BAE 
950 |a Medicine (Springer-11650)